Sports Quiz

Random Sports or NBA Quiz

Big 4 Teams (A-Z) Quiz Stats

Quiz Updated Jul 3, 2017

Challenge
Share
Tweet
Score 0/58 Timer 06:00
4 Plays Today
% Correct
(Texas) Rangers
94.3%
(Los Angeles) Angels
93.4%
(Chicago) Bears
93%
(Arizona) Cardinals
92.2%
(Jacksonville) Jaguars
91.3%
(St. Louis) Cardinals
89.5%
(Green Bay) Packers
89.1%
(New York) Giants
88.3%
(San Francisco) Giants
88.3%
(Oakland) Raiders
88%
(Seattle) Mariners
87.9%
(New Orleans) Saints
87.7%
(Sacramento) Kings
87.4%
(Cleveland) Cavaliers
87.4%
(San Diego) Padres
86.8%
(New York) Yankees
86.8%
(Toronto) Blue Jays
86%
(Atlanta) Hawks
85.7%
(Houston) Texans
85.4%
(Golden State) Warriors
85%
(Chicago) Blackhawks
85%
(Arizona) Diamondbacks
84.9%
(Baltimore) Orioles
84.4%
(Chicago) Bulls
83.8%
(Detroit) Lions
83.5%
(Atlanta) Falcons
82.7%
(Philadelphia) Eagles
82.2%
(Philadelphia) 76ers
80.7%
(Brooklyn) Nets
80.6%
% Correct
(Minnesota) Vikings
80.3%
(Florida) Panthers
80.1%
(Indiana) Pacers
80%
(New York) Rangers
79.1%
(Oklahoma City) Thunder
78.4%
(Los Angeles) Lakers
78%
(Detroit) Tigers
77.3%
(Montreal) Canadiens
77.1%
(Cleveland) Indians
77%
(Los Angeles) Kings
75.8%
(Winnipeg) Jets
75.1%
(Buffalo) Sabres
74.3%
(Toronto) Raptors
74.1%
(Washington) Nationals
72.9%
(Orlando) Magic
72%
(Calgary) Flames
71.6%
(New Jersey) Devils
71.3%
(Utah) Jazz
70.3%
(Chicago) White Sox
70.2%
(Colorado) Avalanche
65.4%
(Miami) Dolphins
63.5%
(New York) Islanders
60.5%
(Memphis) Grizzlies
59.1%
(Edmonton) Oilers
58.6%
(Minnesota) Wild
51.8%
(Toronto) Maple Leafs
50.4%
(Tampa Bay) Lightning
44.5%
(Carolina) Hurricanes
42.9%
(Vegas) Golden Knights
38.5%

You're not logged in!

Compare scores with friends on all Sporcle quizzes.
Join for Free
OR
Log In

You Might Also Like...

Show Comments

Extras

Top Quizzes Today


Score Distribution

Your Account Isn't Verified!

In order to create a playlist on Sporcle, you need to verify the email address you used during registration. Go to your Sporcle Settings to finish the process.

Report this User

Report this user for behavior that violates our Community Guidelines.

Details: